000 00929nas a2200289 4500
001 BR2016002801
003 BR-BrBNA
005 20231205130427.0
007 ta
008 230509b bl.|||p| |||| 00| 00por d
040 _aBR-BrBNA
_bpor
_cBiblioteca Nacional de Agricultura
041 _a(Pt)
072 _aU10; K10
100 1 _aHess, A.F.
100 1 _aCianorschi, L.
100 1 _aSilvestre, R.
100 1 _aScariot, R.
100 1 _aRicken, P.
245 1 _aAplicação dos modelos lineares generalizados para estimativa do crescimento em altura
650 _aPINHEIRO
650 _aPESQUISA FLORESTAL
650 _aMODELO MATEMÁTICO
773 0 _tPesquisa Florestal Brasileira (Brazil)
_xISSN 1983-2605
_g(Oct-Dec 2015), v. 35(84) p. 427-433
_wBR2016002801
856 4 0 _uhttp://pfb.cnpf.embrapa.br/pfb/index.php/pfb/article/view/604
909 _a202311
_bLúcia
_c55
_dLúcia Elande
942 _2AGRIS
_n0
_cANA
999 _c249385
_d249385